000 00613cam a2200229 4500
008 090401t1996 xxu||||| |||| 00| 0 eng d
020 _a0333646215
035 _a(Sirsi) u33156
041 _aeng
050 _a333.332025
110 _aIncorporated Society of Valuers and Auctioneers
_91201
245 4 _aThe ISVA directory of members and member firms 1996/7.
250 _a3rd ed.
260 _aBasingstoke
_bMacMillan
_c1996
300 _aca.500p. ; 22cm.
350 _a55
650 _aAUCTIONEERS
650 _aDIRECTORIES
690 _aRATING AND VALUATION
942 _n0
948 _c04/03/1997
999 _c89782
_d89782